Beauty and the Beast
| Main Author: | Mantovani, Maria |
|---|---|
| Other Authors: | Barsotti, Renzo |
| Published: |
London:
Mercury Junior,
2001.
|
| Subjects: |
| LEADER | 00502cam a2200157 7i4500 | ||
|---|---|---|---|
| 001 | 0000014196 | ||
| 005 | 20161010090000.0 | ||
| 020 | |a 190466864X | ||
| 090 | 0 | 0 | |a JF |b MAN 2001 |
| 100 | 1 | |a Mantovani, Maria | |
| 245 | 1 | 0 | |a Beauty and the Beast |c illustrators Maria Mantovani & Renzo Barsotti. |
| 260 | |a London: |b Mercury Junior, |c 2001. | ||
| 300 | |a 29 p.: |b col. ill.; |c 27 cm. | ||
| 650 | 0 | 0 | |a English fiction |
| 700 | 1 | |a Barsotti, Renzo | |
| 999 | |a 0000015315 |b BOK |c OPEN SHELF - CHILDREN |e Ground Floor, Bestari Jaya | ||


